| 000 | 00725cam a2200229I 4500 | ||
|---|---|---|---|
| 001 | 21292 | ||
| 003 | GBCCL | ||
| 005 | 20250224194403.0 | ||
| 008 | 770315s1965 miu 000 0 eng | ||
| 035 | _a(OCoLC)02803293 | ||
| 040 |
_aDLC _cCDC _dOCL |
||
| 082 | 0 |
_a234.1 _bDEH |
|
| 092 |
_a230.21 _bD322 |
||
| 100 | 1 |
_aDe Haan, M. R. _q(Martin Ralph), _d1891-1964. _98573 |
|
| 245 | 1 | 0 |
_aLaw or grace, _cby M. R. De Haan. |
| 260 |
_aGrand Rapids, _bZondervan Pub. House _c[1965] |
||
| 300 |
_a182 p. _c20 cm. |
||
| 650 | 0 |
_aLaw (Theology) _98574 |
|
| 650 | 0 |
_aGrace (Theology) _92990 |
|
| 856 | _uhttp://library.gracebiblecollege.in/cgi-bin/koha/opac-retrieve-file.pl?id=ab32a1b451563b9a72420f47e673bc4f | ||
| 942 |
_2ddc _cBK _011 _n0 |
||
| 999 |
_c4676 _d4676 |
||